| 000 | 00675nam a22001817a 4500 | ||
|---|---|---|---|
| 999 |
_c62291 _d62291 |
||
| 005 | 20240918114945.0 | ||
| 008 | 240918s2020 enk||||| |||| 00| 0 eng d | ||
| 020 | _a9781734939705 | ||
| 041 | _aeng | ||
| 080 | _a339.138 G-30 | ||
| 100 |
_aGeyrhalter, Fabian _923237 |
||
| 245 |
_aThe Brand Therapy Book: _bKey branding lessons to save time and money while winning hearts and minds / _cFabian Geyrhalter |
||
| 264 |
_aLong Beach : _bBrandtro Publishing, _c2020. |
||
| 300 |
_a142 p.; _b16 cm. |
||
| 653 | _a ბრენდინგის ძირითადი გაკვეთილები | ||
| 653 | _aეკონომიკა | ||
| 942 |
_2udc _cᲬᲘᲒᲜᲘ |
||